| 000 | 00461nas a2200181 a 4500 | ||
|---|---|---|---|
| 001 | 000037428 | ||
| 003 | DLC | ||
| 005 | 20200930080350.0 | ||
| 008 | 120416c20109999dr qr1pdd 0 0spa d | ||
| 040 |
_aDO-SdBNP _bspa |
||
| 043 | _anwdr | ||
| 245 | 0 | 0 | _aImpresiones. |
| 260 |
_aSanto Domingo : _bLibrería Cuesta, _c2010. |
||
| 300 |
_av. ; _c30 cm. |
||
| 310 | _aTrimestral | ||
| 362 | _avolumen II, (Enero/Marzo 2010) | ||
| 651 | 4 |
_aRepública Dominicana _910483 |
|
| 999 |
_c36918 _d36918 |
||